Sổ tay công nghệ chế tạo máy: T2; T3; T4
Kaydedildi:
| Materyal Türü: | Kitap |
|---|---|
| Dil: | Undetermined |
| Baskı/Yayın Bilgisi: |
Hà Nội
KHKT
1979
|
| Konular: | |
| Etiketler: |
Etiketle
Etiket eklenmemiş, İlk siz ekleyin!
|
| Thư viện lưu trữ: | Trung tâm Học liệu Trường Đại học Cần Thơ |
|---|
| LEADER | 00462nam a2200157Ia 4500 | ||
|---|---|---|---|
| 001 | CTU_15787 | ||
| 008 | 210402s9999 xx 000 0 und d | ||
| 082 | |a 621.8 | ||
| 082 | |b S450/T2-3-4 | ||
| 245 | 0 | |a Sổ tay công nghệ chế tạo máy: T2; T3; T4 | |
| 260 | |a Hà Nội | ||
| 260 | |b KHKT | ||
| 260 | |c 1979 | ||
| 650 | |a machine design | ||
| 904 | |i Nguyễn Quang Điền, 970505 | ||
| 980 | |a Trung tâm Học liệu Trường Đại học Cần Thơ | ||